000 00685nam a2200229Ia 4500
003 OSt
005 20220927105408.0
006 a|||||r|||| 00| 0
007 ta
008 220926b |||||||| |||| 00| 0 eng d
024 _a187644
037 _cReference Collections
040 _aRTL
_cRTL
_beng
041 _2eng
_aeng
082 _a"U6:(X:77).2, P9"
100 _aD.C Nanjunda and others Ed.
_9372175
245 0 _aDevelopmental Issues in India A Contemporary Debates Vol 2
260 _aJaipur
_bABD Publishers
300 _a"xii , 309p"
_ccm.
942 _h"U6:(X:77).2, P9"
_cCC
999 _c692306
_d692306